000
00301nam a2200121 a 4500
008
100719s2008|||| d
245
1
0
_a
Bohyňa v domácnosti
100
1
_a
Kinsellová, Sophie
260
_b
NOXI
_a
Bratislava
_c
2008
020
_c
299
_a
978_80_89179-77-0
041
_a
slo
044
_a
xo
_c
SK
999
_c
8093
_d
8093